FUNDAMENTALS OF MULTIMEDIA (Record no. 216671)
[ view plain ]
| 000 -LEADER | |
|---|---|
| fixed length control field | 00478nam a22001817a 4500 |
| 008 - FIXED-LENGTH DATA ELEMENTS--GENERAL INFORMATION | |
| fixed length control field | 260225b |||||||| |||| 00| 0 eng d |
| 020 ## - INTERNATIONAL STANDARD BOOK NUMBER | |
| International Standard Book Number | 978-3-0306-2126-1 |
| 100 ## - MAIN ENTRY--PERSONAL NAME | |
| Personal name | LI ZE-NIAN |
| 245 ## - TITLE STATEMENT | |
| Title | FUNDAMENTALS OF MULTIMEDIA |
| 250 ## - EDITION STATEMENT | |
| Edition statement | 3RD EDITION |
| 260 ## - PUBLICATION, DISTRIBUTION, ETC. | |
| Place of publication, distribution, etc. | BURNABY |
| Name of publisher, distributor, etc. | SPRINGER |
| Date of publication, distribution, etc. | 2021 |
| 300 ## - PHYSICAL DESCRIPTION | |
| Extent | XXV,824P. |
| 500 ## - GENERAL NOTE | |
| General note | INCLUDES AN INDEX |
| 650 ## - SUBJECT ADDED ENTRY | |
| Topical term or geographic name entry element | MULTIMEDIA SYSTEMS |
| 700 ## - ADDED ENTRY--PERSONAL NAME | |
| Personal name | MARK S. DREW, JIANGCHUAN LIU |
| 942 ## - ADDED ENTRY ELEMENTS (KOHA) | |
| Source of classification or shelving scheme | Library of Congress Classification |
| Koha item type | Long Loan Book |
| Withdrawn status | Lost status | Source of classification or shelving scheme | Damaged status | Not for loan | Collection | Home library | Current library | Shelving location | Date acquired | Inventory number | Total checkouts | Full call number | Barcode | Date last seen | Copy number | Price effective from | Koha item type |
|---|---|---|---|---|---|---|---|---|---|---|---|---|---|---|---|---|---|
| Library of Congress Classification | Science & Technology | Kisii University Library | Kisii University Library | On Display | 02/25/2026 | 111905 | QA 76.575 .L5 2021 | a001143 | 02/25/2026 | C.1 | 02/25/2026 | Long Loan Book | |||||
| Library of Congress Classification | Science & Technology | Kisii University Library | Kisii University Library | On Display | 02/26/2026 | 111906 | QA 76.575 .L5 2021 | a001141 | 02/26/2026 | C.2 | 02/26/2026 | Long Loan Book | |||||
| Library of Congress Classification | Science & Technology | Kisii University Library | Kisii University Library | On Display | 02/26/2026 | 111907 | QA 76.575 .L5 2021 | a001144 | 02/26/2026 | C.3 | 02/26/2026 | Long Loan Book |